Statistics for Top 10 Biggest Cities in the World

Click here to take the quiz!

General Stats

  • This quiz has been taken 47 times
  • The average score is 7 of 10

Answer Stats

RankAnswer% Correct
1Tokyo
98%
8Beijing
91%
2Delhi
88%
9Mumbai
81%
3Shanghai
81%
4Sao Paulo
67%
5Mexico City
58%
7Cairo
53%
10Osaka
44%
6Dhaka
42%

Score Distribution

Percentile by Number Answered

Percent of People with Each Score

Your Score History

You have not taken this quiz